Southville International School and Colleges
Your cart is empty.
  • Cart
  • Lists
    Public lists Eva Luna New books Lux_list list_1
    Your lists Log in to create your own lists
  • Log in to your account
  • Your cookies
  • Search history
Southville International School and Colleges
  • Advanced search
  • Recent comments
  • Most popular
  • Libraries

Log in to your account

Log in with GOOGLE


If you do not have an external account, but do have a local account, you can still log in:

  1. Home
  2. MARC view: When ? :
Normal view MARC view ISBD view

When ? : (Record no. 12304)

[ view plain ]
MARC details
000 -LEADER
fixed length control field 00600nam a22002057a 4500
003 - CONTROL NUMBER IDENTIFIER
control field OSt
005 - DATE AND TIME OF LATEST TRANSACTION
control field 20140310182349.0
008 - FIXED-LENGTH DATA ELEMENTS--GENERAL INFORMATION
fixed length control field 130928t xxu||||| |||| 00| 0 eng d
020 ## - INTERNATIONAL STANDARD BOOK NUMBER
International Standard Book Number 0070516405
050 ## - LIBRARY OF CONGRESS CALL NUMBER
Classification number Q 164
Item number .W68 1995
082 ## - DEWEY DECIMAL CLASSIFICATION NUMBER
Classification number GS 507. 8
Item number W85
100 ## - MAIN ENTRY--PERSONAL NAME
Personal name Wood, Robert W.
9 (RLIN) 21854
245 ## - TITLE STATEMENT
Title When ? :
Remainder of title Experiments of the young scientist. /
Statement of responsibility, etc Robert W. Wood
260 ## - PUBLICATION, DISTRIBUTION, ETC. (IMPRINT)
Place of publication, distribution, etc New york :
Name of publisher, distributor, etc Tab books,
Date of publication, distribution, etc 1995.
300 ## - PHYSICAL DESCRIPTION
Extent 133 p.
Other physical details ill. ;
Dimensions 24 cm.
650 ## - SUBJECT ADDED ENTRY--TOPICAL TERM
Topical term or geographic name as entry element Science
General subdivision Expirements
9 (RLIN) 22085
650 ## - SUBJECT ADDED ENTRY--TOPICAL TERM
Topical term or geographic name as entry element Experiments
General subdivision I. Hoeft, steve
9 (RLIN) 22086
942 ## - ADDED ENTRY ELEMENTS (KOHA)
Source of classification or shelving scheme Library of Congress Classification
Koha item type
Holdings
Withdrawn status Lost status Source of classification or shelving scheme Damaged status Home library Current library Shelving location Date acquired Total Checkouts Full call number Barcode Date last seen Copy number Price effective from Koha item type
    Library of Congress Classification   Luxembourg Library Luxembourg Library Grade School Section 09/28/2013   Q 164 .W68 1995 6295 02/17/2015 1 09/28/2013 Books

When ? :

APA

Wood R. W., . (1995). When ?. New york: Tab books.

Chicago

Wood Robert W, . 1995. When ?. New york: Tab books.

Harvard

Wood R. W., . (1995). When ?. New york: Tab books.

MLA

Wood Robert W, . When ?. New york: Tab books. 1995.

  • Place hold
  • Print
  • Cite
  • Add to your cart (remove)
  • Save record
    BIBTEX Dublin Core MARCXML MARC (non-Unicode/MARC-8) MARC (Unicode/UTF-8) MARC (Unicode/UTF-8, Standard) MODS (XML) RIS
  • More searches
    Search for this title in:
    Other Libraries (WorldCat) Other Databases (Google Scholar) Online Stores (Bookfinder.com) Open Library (openlibrary.org)

Exporting to Dublin Core...

SOUTHVILLE LIBRARY

Southville International School and Colleges Library

1281 Tropical Ave. Cor. Luxembourg St., BF Homes International, Las Pinas City

Tel. No. 8256374 / 252358 Loc. 117/146

Powered by Koha